00961nam a2200265Ia 4500003000400000005001700004008004100021020001800062040001800080041000800098082002100106100002600127245005700153250001200210260005600222300003100278650002500309651006400334651002900398651002700427700002900454942003000483999001900513952016300532OSt20230803115728.0210716s2011 xx 000 0 und d a9788120342491 cAIMIT LIBRARY aeng a346.07 21bSULM aSulphey, M M.9129217 aLaws for business /cM M Sulphey and Az-har Basheer. a1st ed. aNew Delhi :bPHI Learning private limited. ,c2011. axix,364p. ;bPB.c23.7 cm. aBusiness Law9129218 aIntroduction to law and its implication in business9129219 aLaw of contracts9129220 aCorporate laws9129221 aBasheer, Az-har.9129222 2ddccBKe1stk346.07 SULM c208165d208165 00102ddc40708MBAaAIMITbAIMITd2013-10-10g325.00iBill no:976; Bill dt:2013-09-05l0o346.07 SULMpMBA10731r2026-05-23 00:00:00v243.75w2021-07-16yBK